[Event "Bratislava Slovakia op"]
[Site "Bratislava"]
[Date "2022.10.01"]
[Round "7"]
[White "Rosol, Alexander"]
[Black "Romanova, Ela"]
[Result "1-0"]
[WhiteElo "2041"]
[BlackElo "1580"]
[PlyCount "53"]
[EventDate "2022.09.30"]
[EventType "swiss (rapid)"]
[EventRounds "9"]
[EventCountry "SVK"]
[SourceTitle "CBM 210 Extra"]
[Source "ChessBase"]
[SourceDate "2022.11.30"]
[SourceVersion "1"]
[SourceVersionDate "2022.11.30"]
[SourceQuality "1"]

1. e4 c5 2. b4 cxb4 3. a3 e6 4. d4 Nf6 5. Bd3 Nc6 6. Nf3 Be7 7. h4 Qb6 8. Kf1 Ng4 9. Nbd2 d5 10. Qe2 Bd7 11. Nb3 a5 12. exd5 exd5 13. Nc5 0-0-0 14. axb4 Bxc5 15. bxc5 Qc7 16. g3 Rhe8 17. Qd1 Be6 18. Bf4 Qd7 19. Bb5 Nf6 20. Ne5 Bh3+ 21. Kg1 Qf5 22. Bxc6 bxc6 23. Rxa5 Rxe5 24. dxe5 Ne4 25. Qb1 Kd7 26. Qb7+ Ke8 27. Ra7 1-0

[Event "Bratislava Slovakia op"]
[Site "Bratislava"]
[Date "2022.09.30"]
[Round "2"]
[White "Rancso, Mark"]
[Black "Romanova, Ela"]
[Result "1-0"]
[WhiteElo "1960"]
[BlackElo "1580"]
[PlyCount "55"]
[EventDate "2022.09.30"]
[EventType "swiss (rapid)"]
[EventRounds "9"]
[EventCountry "SVK"]
[SourceTitle "CBM 210 Extra"]
[Source "ChessBase"]
[SourceDate "2022.11.30"]
[SourceVersion "1"]
[SourceVersionDate "2022.11.30"]
[SourceQuality "1"]

1. d4 d5 2. Nf3 Nf6 3. g3 e6 4. Bg2 c5 5. 0-0 Nc6 6. c3 Bd6 7. dxc5 Bxc5 8. Nbd2 0-0 9. Qe1 b6 10. b4 Bd6 11. Bb2 Bb7 12. b5 Na5 13. Nd4 Qd7 14. e4 e5 15. Nf5 Bc5 16. a4 dxe4 17. Ne3 Rfd8 18. Rd1 Qe6 19. Qe2 a6 20. c4 Bd4 21. Ba3 Rac8 22. h4 Rd7 23. Kh2 Bxe3 24. fxe3 Ng4+ 25. Kg1 Nxc4 26. Nxc4 Rxd1 27. Rxd1 Qxc4 28. Qxc4 1-0

[Event "Skalica op-B"]
[Site "Skalica"]
[Date "2022.08.21"]
[Round "2"]
[White "Sevcik, Matej"]
[Black "Romanova, Ela"]
[Result "1-0"]
[WhiteElo "1841"]
[BlackElo "1664"]
[PlyCount "43"]
[EventDate "2022.08.20"]
[EventType "swiss"]
[EventRounds "9"]
[EventCountry "SVK"]
[SourceTitle "CBM 209 Extra"]
[Source "ChessBase"]
[SourceDate "2022.09.30"]
[SourceVersion "1"]
[SourceVersionDate "2022.09.30"]
[SourceQuality "1"]

1. Nf3 d5 2. g3 Nf6 3. Bg2 c5 4. 0-0 Bg4 5. Ne5 Bf5 6. c4 e6 7. Qa4+ Nbd7 8. Nc3 d4 9. Nxd7 Nxd7 10. Nb5 a6 11. Bxb7 Rb8 12. Qxa6 Be7 13. d3 0-0 14. Bd2 Bg5 15. Ba5 Qf6 16. Bg2 Bg4 17. Rfe1 Qh6 18. Qd6 Nf6 19. f4 Bh4 20. gxh4 Qxh4 21. Qxc5 Bh3 22. Qg5 1-0

[Event "Skalica op-B"]
[Site "Skalica"]
[Date "2022.08.20"]
[Round "1"]
[White "Romanova, Ela"]
[Black "Dubanova, Kristina"]
[Result "1-0"]
[WhiteElo "1664"]
[BlackElo "1049"]
[PlyCount "56"]
[EventDate "2022.08.20"]
[EventType "swiss"]
[EventRounds "9"]
[EventCountry "SVK"]
[SourceTitle "CBM 209 Extra"]
[Source "ChessBase"]
[SourceDate "2022.09.30"]
[SourceVersion "1"]
[SourceVersionDate "2022.09.30"]
[SourceQuality "1"]

1. e4 e5 2. Nc3 Nc6 3. f4 Bc5 4. Nf3 d6 5. Bb5 Bd7 6. d3 exf4 7. Bxf4 h6 8. Qd2 Nf6 9. a3 0-0 10. 0-0-0 a6 11. Bc4 Bb6 12. h3 Be6 13. Nd5 Bxd5 14. exd5 Ne7 15. Rdf1 Nexd5 16. g4 Nxf4 17. Qxf4 Re8 18. d4 Qd7 19. g5 hxg5 20. Qxg5 Ne4 21. Qf4 Re7 22. Rfg1 d5 23. Rxg7+ Kf8 24. Rhg1 Ree8 25. Ne5 Rxe5 26. Qxe5 Qe6 27. Qxd5 Qxd5 28. Bxd5 Ke7 1-0

[Event "SVK-ch U16/18 Girls"]
[Site "Stara Lubovna"]
[Date "2022.05.27"]
[Round "8"]
[White "Carnecka, Stella"]
[Black "Romanova, Ela"]
[Result "0-1"]
[WhiteElo "1648"]
[BlackElo "1632"]
[PlyCount "48"]
[EventDate "2022.05.21"]
[EventType "swiss"]
[EventRounds "9"]
[EventCountry "SVK"]
[SourceTitle "CBM 208 Extra"]
[Source "ChessBase"]
[SourceDate "2022.07.31"]
[SourceVersion "1"]
[SourceVersionDate "2022.07.31"]
[SourceQuality "1"]

1. b4 d5 2. Nf3 Bf5 3. Bb2 e6 4. e3 Nf6 5. a3 Bd6 6. c4 c6 7. Nc3 0-0 8. d4 Nbd7 9. Nh4 Bg6 10. Nxg6 fxg6 11. c5 Bc7 12. f4 Qe7 13. Be2 Rad8 14. 0-0 e5 15. fxe5 Nxe5 16. dxe5 Qxe5 17. g3 Qxe3+ 18. Kh1 d4 19. Bc4+ Kh8 20. Nb1 Ne4 21. Rxf8+ Rxf8 22. Qxd4 Qe1+ 23. Kg2 Rf2+ 24. Kh3 Rxh2+ 0-1

[Event "SVK-ch U16/18 Girls"]
[Site "Stara Lubovna"]
[Date "2022.05.24"]
[Round "5"]
[White "Romanova, Ela"]
[Black "Striskova, Lucia"]
[Result "0-1"]
[WhiteElo "1632"]
[BlackElo "1923"]
[PlyCount "84"]
[EventDate "2022.05.21"]
[EventType "swiss"]
[EventRounds "9"]
[EventCountry "SVK"]
[SourceTitle "CBM 208 Extra"]
[Source "ChessBase"]
[SourceDate "2022.07.31"]
[SourceVersion "1"]
[SourceVersionDate "2022.07.31"]
[SourceQuality "1"]

1. d4 Nf6 2. c4 e6 3. Nc3 d5 4. cxd5 exd5 5. Bg5 c6 6. e3 Nbd7 7. Bd3 Bd6 8. Nf3 Qc7 9. 0-0 0-0 10. Qc2 Re8 11. Rfc1 Qd8 12. Bxh7+ Kh8 13. Bd3 Nf8 14. Rab1 g6 15. b4 Kg7 16. b5 Ne6 17. Bh4 Rh8 18. bxc6 bxc6 19. Na4 Ba3 20. Rd1 Qe8 21. Bxf6+ Kxf6 22. e4 Nf4 23. Rb3 Nxd3 24. Rbxd3 dxe4 25. Rxa3 exf3 26. Rxf3+ Kg7 27. Nc5 Bg4 28. Qc3 Bxf3 29. Qxf3 Qb8 30. g3 Qd6 31. Ne4 Qe6 32. Ng5 Qd5 33. Qxd5 cxd5 34. Rc1 Rhc8 35. Re1 Re8 36. Re5 f6 37. Rxe8 Rxe8 38. Nf3 Re2 39. h4 Rxa2 40. Kg2 a5 41. Ne1 Rd2 42. Nf3 Rd1 0-1

[Event "SVK-chT4 A21 2122"]
[Site "Slovakia"]
[Date "2022.03.27"]
[Round "11.3"]
[White "Benak, Peter"]
[Black "Romanova, Ela"]
[Result "1-0"]
[WhiteElo "1679"]
[BlackElo "1635"]
[PlyCount "73"]
[EventDate "2021.10.17"]
[EventType "team-tourn"]
[EventRounds "11"]
[EventCountry "SVK"]
[SourceTitle "EXT 2024"]
[Source "ChessBase"]
[SourceDate "2023.10.10"]
[SourceVersion "1"]
[SourceVersionDate "2023.10.10"]
[SourceQuality "1"]
[WhiteTeam "Holic II"]
[BlackTeam "Skalica II"]
[WhiteTeamCountry "SVK"]
[BlackTeamCountry "SVK"]

1. c4 e5 2. Nc3 Nc6 3. g3 d6 4. Bg2 Be7 5. e3 h5 6. Nge2 h4 7. h3 Be6 8. Nd5 Qd7 9. g4 f5 10. f3 Nf6 11. Nxf6+ Bxf6 12. gxf5 Bxf5 13. e4 Be6 14. d3 Rf8 15. Rb1 Nd4 16. Nxd4 exd4 17. f4 g6 18. b4 Bg7 19. b5 Qe7 20. Qf3 Bh6 21. 0-0 Kd8 22. Qf2 Qf6 23. a4 Ke7 24. Qe2 Qg7 25. f5 Bxc1 26. Rbxc1 Bd7 27. Qg4 Qh6 28. Qxg6 Qxg6 29. fxg6 Rxf1+ 30. Rxf1 Rg8 31. Rf7+ Ke6 32. Rf4 Rxg6 33. Rg4 Rxg4 34. hxg4 Kf6 35. Kh2 Bxg4 36. Bf1 Kg5 37. Kg2 1-0

[Event "Skalica op-B"]
[Site "Skalica"]
[Date "2021.08.27"]
[Round "7"]
[White "Romanova, Ela"]
[Black "Svoboda, Daniel"]
[Result "0-1"]
[WhiteElo "1505"]
[BlackElo "1536"]
[PlyCount "98"]
[EventDate "2021.08.21"]
[EventType "swiss"]
[EventRounds "9"]
[EventCountry "SVK"]
[SourceTitle "CBM 204 Extra"]
[Source "ChessBase"]
[SourceDate "2021.11.30"]
[SourceVersion "1"]
[SourceVersionDate "2021.11.30"]
[SourceQuality "1"]

1. e4 c5 2. Nf3 d6 3. Bb5+ Bd7 4. a4 Nf6 5. Qe2 a6 6. Bxd7+ Nbxd7 7. 0-0 g6 8. c3 Bg7 9. d4 cxd4 10. cxd4 0-0 11. Nc3 Ne8 12. e5 Nc7 13. Bf4 dxe5 14. dxe5 Ne6 15. Bg3 Qa5 16. Rfd1 Nb8 17. Rd5 Qb4 18. Qe3 Nc6 19. b3 Rac8 20. Na2 Qa3 21. Rdd1 Na5 22. Nd2 Rfd8 23. Nc3 Qb4 24. Na2 Qd4 25. Qxd4 Rxd4 26. b4 Nc4 27. Nxc4 Rdxc4 28. Rac1 Bh6 29. Ra1 Kg7 30. b5 Rxa4 31. bxa6 bxa6 32. Rdb1 a5 33. Rb2 Nd4 34. Rd1 Ne6 35. h3 Ra3 36. f3 Rc4 37. Be1 a4 38. Nb4 Rb3 39. Rdb1 Rxb2 40. Rxb2 Rc1 41. Kf1 a3 42. Ra2 Nd4 43. Nd3 Rd1 44. Nf2 Rb1 45. Nd3 Bc1 46. Nxc1 Rxc1 47. Kf2 Rc2+ 48. Rxc2 Nxc2 49. Bc3 a2 0-1

[Event "Liptovsky Jan Slovak op U2200"]
[Site "Liptovsky Jan"]
[Date "2021.06.20"]
[Round "7"]
[White "Ciglian, Michal"]
[Black "Romanova, Ela"]
[Result "1-0"]
[WhiteElo "1746"]
[BlackElo "1549"]
[PlyCount "71"]
[EventDate "2021.06.17"]
[EventType "swiss"]
[EventRounds "7"]
[EventCountry "SVK"]
[SourceTitle "CBM 203 Extra"]
[Source "ChessBase"]
[SourceDate "2021.09.30"]
[SourceVersion "1"]
[SourceVersionDate "2021.09.30"]
[SourceQuality "1"]

1. d4 d5 2. c4 e6 3. Nc3 f5 4. Nf3 Nf6 5. Qc2 c6 6. e3 Bd6 7. Bd2 Nbd7 8. cxd5 exd5 9. Qxf5 Ne5 10. Qc2 Nf7 11. Bd3 0-0 12. 0-0 Bg4 13. e4 dxe4 14. Nxe4 Nxe4 15. Bxe4 h6 16. Bc3 Bxf3 17. Bxf3 Qh4 18. g3 Qh3 19. Bg2 Qh5 20. Qb3 Rab8 21. Rae1 Kh8 22. Bb4 Qb5 23. Bxd6 Qxb3 24. axb3 Nxd6 25. Re6 Nb5 26. d5 cxd5 27. Bxd5 Rfd8 28. Bc4 Nd4 29. Re3 b5 30. Bf7 Nc2 31. Re7 a6 32. Rc7 Rbc8 33. Rxc8 Rxc8 34. Rc1 Rc6 35. Bd5 Rd6 36. Be4 1-0

[Event "EU-ch Online U14 Girls"]
[Site "Tornelo INT"]
[Date "2020.09.19"]
[Round "4"]
[White "Romanova, Ela"]
[Black "Ratama, Sofie Kristine"]
[Result "1/2-1/2"]
[WhiteElo "1367"]
[BlackElo "1338"]
[PlyCount "147"]
[EventDate "2020.09.18"]
[EventType "swiss (rapid)"]
[EventRounds "9"]
[EventCountry "NET"]
[SourceTitle "EXT 2023"]
[Source "ChessBase"]
[SourceDate "2022.10.05"]
[SourceVersion "1"]
[SourceVersionDate "2022.10.05"]
[SourceQuality "1"]
[WhiteTeam "Slovakia"]
[BlackTeam "Norway"]
[WhiteTeamCountry "SVK"]
[BlackTeamCountry "NOR"]

1. e4 d5 2. exd5 Qxd5 3. Nc3 Qd6 4. d4 Nf6 5. Nb5 Qe6+ 6. Be2 Qd7 7. Nf3 c6 8. Na3 Qc7 9. Nc4 Bf5 10. 0-0 Nbd7 11. Ne3 Bg6 12. Nh4 e6 13. Nxg6 hxg6 14. h3 Ne4 15. Bf3 Ng5 16. Ng4 f5 17. Bxg5 fxg4 18. Bxg4 Be7 19. Qd2 Nf8 20. Rfe1 Qd6 21. c4 0-0-0 22. Rad1 Bxg5 23. Qxg5 Kb8 24. Re4 Re8 25. Rde1 Nh7 26. Qxg6 Nf6 27. R4e3 Qxd4 28. Bxe6 Qxb2 29. Qxg7 Rh7 30. Qg6 Rhe7 31. Qg3+ Ka8 32. R3e2 Qd4 33. Bg4 Rxe2 34. Rxe2 Qd1+ 35. Kh2 Rxe2 36. Bxe2 Qxe2 37. Qg6 Ne8 38. Qf5 Nd6 39. Qd7 Qe5+ 40. g3 a6 41. Qd8+ Ka7 42. h4 Nxc4 43. Qf8 Qe2 44. Qc5+ Nb6 45. a3 Qg4 46. Kg2 Qa4 47. h5 Qe4+ 48. Kh2 Qc4 49. Qxc4 Nxc4 50. h6 Ne5 51. h7 Ng6 52. f4 c5 53. f5 Nh8 54. g4 c4 55. g5 c3 56. g6 c2 57. g7 c1Q 58. gxh8Q Qf4+ 59. Kg2 Qg4+ 60. Kh2 Qf4+ 61. Kg2 Qg4+ 62. Kh1 Qf3+ 63. Kg1 Qg3+ 64. Kh1 Qf3+ 65. Kh2 Qf4+ 66. Kg2 Qg4+ 67. Kf2 Qxf5+ 68. Kg2 Qg4+ 69. Kf2 Qf5+ 70. Kg2 Qg4+ 71. Kf2 Qf5+ 72. Kg2 Qg4+ 73. Kf2 Qf5+ 74. Kg2 1/2-1/2

[Event "Skalica Rapid op"]
[Site "Skalica"]
[Date "2020.08.29"]
[Round "1"]
[White "Havelka, Ondrej"]
[Black "Romanova, Ela"]
[Result "1-0"]
[WhiteElo "1997"]
[BlackElo "1367"]
[PlyCount "51"]
[EventDate "2020.08.29"]
[EventType "swiss (rapid)"]
[EventRounds "7"]
[EventCountry "SVK"]
[SourceTitle "CBM 198 Extra"]
[Source "ChessBase"]
[SourceDate "2020.11.30"]
[SourceVersion "1"]
[SourceVersionDate "2020.11.30"]
[SourceQuality "1"]

1. d4 d5 2. c4 e6 3. Nc3 c6 4. Nf3 Bd6 5. e4 dxe4 6. Nxe4 Nf6 7. Bg5 Be7 8. Nc3 Nbd7 9. Bd3 Qb6 10. Qc2 h6 11. Bh4 0-0 12. 0-0 Re8 13. Rfe1 Qc7 14. c5 b6 15. Bg3 Qd8 16. b4 Nd5 17. a3 b5 18. Ne4 a5 19. bxa5 Rxa5 20. Nd6 Bxd6 21. Bxd6 Bb7 22. h3 Ba6 23. Qd2 Bb7 24. Re4 Qa8 25. Rg4 N7f6 26. Qxh6 1-0

[Event "Skalica Schaeffler op"]
[Site "Skalica"]
[Date "2020.08.28"]
[Round "7"]
[White "Romanova, Ela"]
[Black "Janik, Marek Tobias"]
[Result "0-1"]
[WhiteElo "1529"]
[BlackElo "1600"]
[PlyCount "58"]
[EventDate "2020.08.23"]
[EventType "swiss"]
[EventRounds "9"]
[EventCountry "SVK"]
[SourceTitle "CBM 198 Extra"]
[Source "ChessBase"]
[SourceDate "2020.11.30"]
[SourceVersion "1"]
[SourceVersionDate "2020.11.30"]
[SourceQuality "1"]

1. e4 c5 2. Nf3 Nc6 3. Bb5 Nf6 4. d3 g6 5. 0-0 Bg7 6. Bxc6 dxc6 7. Qe2 0-0 8. c4 Bg4 9. Nc3 Nd7 10. h3 Bxf3 11. gxf3 Ne5 12. Rd1 Qd7 13. Kg2 f5 14. f4 Nf7 15. e5 e6 16. Be3 b6 17. Rg1 Rad8 18. Rad1 Nxe5 19. fxe5 f4 20. Bxf4 Rxf4 21. Qe3 Rdf8 22. Rgf1 Qe7 23. Rde1 Qg5+ 24. Kh2 Bxe5 25. Kh1 Qh4 26. Kg2 Rg4+ 27. Kh1 Rf5 28. Rg1 Rgf4 29. Ne4 Rf3 0-1